000 00916nas a2200301 4500
001 BR2011004213
003 BR-BrBNA
005 20231205115510.0
007 ta
008 230509b bl.|||p| |||| 00| 00por d
040 _aBR-BrBNA
_bpor
_cBiblioteca Nacional de Agricultura
041 _a(Pt)
072 _aF02
100 1 _aAlcantara, G.B. de
100 1 _aFerronato, M. de L.
100 1 _aLima, D.M. de
100 1 _aSantos, E.C.
100 1 _aSilva, C.L. da
100 1 _aRitter, M.
100 1 _aBiasi, L.A.
245 1 _aEnraizamento de estacas caulinares de brinco-de-princesa com diferentes comprimentos
650 _aTREPADEIRA ORNAMENTAL
650 _aENRAIZAMENTO DE ESTACA
650 _aPROPAGAÇÃO VEGETATIVA
773 0 _tScientia Agrária (Brazil)
_xISSN 1519-1125
_g(2008), v. 9(4) p. 575-578
_wBR2011004213
909 _a202311
_bLúcia
_c55
_dLúcia Elande
942 _2AGRIS
_n0
_cANA
999 _c214115
_d214115